000 01569nam a2200265 a 4500
001 000029859
003 DO-SdBNP
005 20220825120825.0
007 ta
008 110426s1956 dr ac 000 0 spa d
040 _aDO-SdBNP
_bspa
_cBNPHU
082 _a378.124
_bR426c
110 1 _aRepública Dominicana.
_bConfederación nacional de profesionales universitarios
_956608
240 1 0 _aLey que instituye los colegios de profesionales universitarios y la confederación nacional de profesionales universitarios /
245 1 0 _aConfederación nacional de profesionales universitarios. /
260 _aCiudad Trujillo, República Dominicana :
_bEditora Arte y Ciencia,
_c1956.
300 _a76 p. :
_bil., rets. ;
_c23 cm.
505 0 _aLey que instituye los colegios de profesionales universitarios y la confederación nacional de profesionales universitarios /
_tDecreto que aprueba los estatutos de la confederación nacional de profesionales universitarios/
_tDecreto que aprueba los estatutos para regir la organización y el funcionamiento de los colegios de profesionales universitarios /
_tDecreto que reconoce como organismos oficiales autónomos dotados de personalidades jurídica a los colegios de profesionales universitarios de la república /
590 _aInventariado, 2022/ YL
610 _aConfederación Nacional de Colegio de Profesionales Universitarios
_982250
650 4 _aProfesionales universitarios
_zRepública Dominicana
_982251
650 4 _a Legislación
_zRepública Dominicana
_93032
910 _aYLockward
942 _2ddc
_cLBS1
999 _c29351
_d29351